Corporate profile / (Record no. 4465)

MARC details
000 -LEADER
fixed length control field 00380nam a2200157 4500
001 - CONTROL NUMBER
control field 5322
005 - DATE AND TIME OF LATEST TRANSACTION
control field 20181127175308.0
090 00 - LOCALLY ASSIGNED LC-TYPE CALL NUMBER (OCLC); LOCAL CALL NUMBER (RLIN)
Classification number (OCLC) (R) ; Classification number, CALL (RLIN) (NR) 300.8 D534c 2014
100 00 - MAIN ENTRY--PERSONAL NAME
Personal name DHI.
245 00 - TITLE STATEMENT
Title Corporate profile /
Remainder of title
Statement of responsibility, etc. DHI.
Medium
250 00 - EDITION STATEMENT
Edition statement Revised version.
260 00 - PUBLICATION, DISTRIBUTION, ETC.
Place of publication, distribution, etc. Thimphu :
Name of publisher, distributor, etc. DHI,
Date of publication, distribution, etc. 2014.
300 00 - PHYSICAL DESCRIPTION
Extent v p. ; 30 cm.
650 00 - SUBJECT ADDED ENTRY--TOPICAL TERM
Topical term or geographic name entry element Business --Bhutan.
General subdivision
Holdings
Withdrawn status Lost status Source of classification or shelving scheme Damaged status Not for loan Collection code Home library Current library Shelving location Serial Enumeration / chronology Inventory number Total Checkouts Full call number Barcode Date last seen Copy number Price effective from Koha item type
    Dewey Decimal Classification     Main TEST RTC Library RTC Library Main opac 8618   300.8 COR 30008886 27/11/2018 1 27/11/2018 Main
    Dewey Decimal Classification     Main TEST RTC Library RTC Library Main opac 8619   300.8 COR 30001445 27/11/2018 2 27/11/2018 Main
    Dewey Decimal Classification     Main TEST RTC Library RTC Library Main opac 8622   300.8 COR 30008645 27/11/2018 3 27/11/2018 Main
    Dewey Decimal Classification     Main TEST RTC Library RTC Library Main opac 8621   300.8 COR 30008632 27/11/2018 4 27/11/2018 Main
    Dewey Decimal Classification     Main TEST RTC Library RTC Library Main opac 8620   300.8 COR 30009717 27/11/2018 5 27/11/2018 Main
Royal Thimphu College || All Right Reserved